LEADER 01221nam a2200313 a 4500 001 000000166361 003 CaOOAMICUS 005 20180302102557.0 008 180302s2016 it u000 u ita r 020 $a978-88-01-04712-7* 032 $aLibriCat 040 $aPUL$bita 082 04$a220 100 1 $aPriotto, Michelangelo.$0(OLS)http://pul/name/12213 245 13$aIl libro della Parola :$bintroduzione alla Scrittura /$cMichelangelo Priotto. 260 $aTorino :$bElledici,$c©2016. 300 $a391 p. ;$c22 cm. 490 1 $aGraphé ;$v01 504 $aBibliografia nelle note. 630 04$aBiblia.$xIntroduzioni.$0(OLS)http://pul/subject/45368 830 0$aGraphé ;$v01.$0(OLS)http://pul/title/174483 850 $aPUL 852 $aPUL$W1$xSL Religione 3$y85$m220 COLL 9.1$j190902$qDDC 21$B193786$CPULBib$Z2$F193786 $H130401 $81 941 1 $a9 996 $6020$a978-88-01-04712-7*$9(OLS)http://pul/number/163641 996 $6082$a220$9(OLS)http://pul/classification/523 996 $6245$aIl libro della Parola :$bintroduzione alla Scrittura$9(OLS)http://pul/title/206078 996 $6260$aTorino :$bElledici$9(OLS)http://pul/publisher/67321 LEADER 02796nam a2200481 u 4500 001 000000010429 003 CaOOAMICUS 005 20100917120240.0 008 941013m19929999fr u000 u fre u 020 $a2251013644 (t.I,1) 020 $a2251013695 (t.III,1) 020 $a2251014195 (t.IV,2) 020 $a2251013954 (t.V,1) 020 $a2251014268 (t.V,2) 035 $a10258733 040 $aPUL(R)$bita$dAAR$dReb 041 1 $afre$alat 082 04$a870 130 0 $aHistoria augusta.$lFrancese e latino.$0(OLS)http://pul/title/15235 245 10$aHistoire Auguste. 260 $aParis :$bBelles lettres,$c1992-<2001 >. 300 $av. ;$c20 cm 490 1 $aCollection des universités de France.$aSérie latine, ;$v305, 311, 335, 359, 365 505 1 $at. I:1. Introduction générale, Vies d'Hadrien, Aelius, Antonin / texte établi et traduit par J.-P. Callu. -- t. III:1. Vies de Macrin, Diaduménien, Héliogabale / texte établi, traduit et commenté par Robert Turcan. -- t. IV:2. Vies des deux Valériens et des deux Galliens / texte établi par Olivier Desbordes et Stéphane Ratti. -- t. V:1. Vies d'Aurélien, Tacite / texte établi, traduit et commenté par François Paschoud. -- t. V:2. Vies de Probus, Firmus, Saturnin, Proclus et Bonose, Carus, Numérien et Carin. 650 0$aEmperors$zRome.$2//eng$0(OLS)http://pul/subject/6099 700 1 $aCallu, Jean-Pierre,$d1929-$0(OLS)http://pul/name/10243 700 1 $aDesbordes, Olivier,$d1947-$0(OLS)http://pul/name/10244 700 1 $aRatti, Stéphane,$d1959-$0(OLS)http://pul/name/10245 700 1 $aTurcan, Robert,$d1929-$0(OLS)http://pul/name/1101 700 1 $aPaschoud, François,$d1938-$0(OLS)http://pul/name/10246 830 0$aCollection des universités de France.$pSérie latine,$x0184-7155 ;$v305, 311, 335, 359, 365.$0(OLS)http://pul/title/15237 850 $aPUL 852 $aPUL$W1$xSL Cons. Gen., Altre Classi 3$y75$m870 COLL 2.HIS.1.1$j14833$nBK-PRI$av. 1.1$qDDC 21$B14833$CPULBib$Z2$F14833 $H80043 $82 852 $aPUL$W1$xSL Cons. Gen., Altre Classi 3$y75$m870 COLL 2.HIS.3.1$j141293$nBK-PRI$av. 3.1$qDDC 21$B140356$CPULBib$Z2$F140356 $H80042 $82 941 1 $a9 996 $6020$a2251013644 (t.I,1)$9(OLS)http://pul/number/13399 996 $6020$a2251013695 (t.III,1)$9(OLS)http://pul/number/13400 996 $6020$a2251014195 (t.IV,2)$9(OLS)http://pul/number/13401 996 $6020$a2251013954 (t.V,1)$9(OLS)http://pul/number/13402 996 $6020$a2251014268 (t.V,2)$9(OLS)http://pul/number/13403 996 $6082$a870$9(OLS)http://pul/classification/727 996 $6245$aHistoire Auguste$9(OLS)http://pul/title/15236 996 $6260$aParis :$bBelles lettres$9(OLS)http://pul/publisher/47852